The autobiography of Elder Joseph Bates embracing a long life on shipboard, with sketches of voyages on the Atlantic and Pacific oceans, the Baltic and Mediterranean seas; also impressment and service on board British war ships, long confinement in Dartmoor prison, early experience in reformatory movements; travels in various parts of the world and a brief account of the great Advent movement of 1840-44 / | Battle Creek, Mich. : (Registro nro. 56327)

Detalles MARC
000 -LEADER
campo de control de longitud fija 02953cam a22005534i 4500
003 - IDENTIFICADOR DE NÚMERO DE CONTROL
campo de control PE-LiUPU
005 - FECHA Y HORA DE LA ÚLTIMA TRANSACCIÓN
campo de control 20250731173435.0
008 - DATOS DE LONGITUD FIJA--INFORMACIÓN GENERAL
campo de control de longitud fija 150710s1868 r 000 0 d
035 ## - NÚMERO DE CONTROL DEL SISTEMA
Número de control de sistema (Sirsi) a53617
040 ## - FUENTE DE CATALOGACIÓN
Centro catalogador/agencia de origen PE-LiUPU
Lengua de catalogación spa
Centro/agencia transcriptor PE-LiUPU
Normas de descripción rda
049 ## - FONDOS LOCALES (OCLC)
Biblioteca depositaria PRUA
050 00 - SIGNATURA TOPOGRÁFICA DE LA BIBLIOTECA DEL CONGRESO
Número de clasificación BX6158.9
Número de ítem .B38
082 00 - NÚMERO DE LA CLASIFICACIÓN DECIMAL DEWEY
Número de clasificación 286.732 092
Cutter B329
Número de edición 21
082 00 - NÚMERO DE LA CLASIFICACIÓN DECIMAL DEWEY
Número de clasificación 286.732 092
Cutter B27
Número de edición 21
100 1# - ENTRADA PRINCIPAL--NOMBRE DE PERSONA
Nombre de persona Bates, Joseph,
Fechas asociadas al nombre 1792-1872,
Término indicativo de función/relación autor.
245 14 - MENCIÓN DEL TÍTULO
Título The autobiography of Elder Joseph Bates embracing a long life on shipboard, with sketches of voyages on the Atlantic and Pacific oceans, the Baltic and Mediterranean seas; also impressment and service on board British war ships, long confinement in Dartmoor prison, early experience in reformatory movements; travels in various parts of the world and a brief account of the great Advent movement of 1840-44 /
Mención de responsabilidad, etc. Joseph Bates.=264 \1
Título Battle Creek, Mich. :
Resto del título Press of the Seventh-day Adventist Pub. Association,
Mención de responsabilidad, etc. 1868.
300 ## - DESCRIPCIÓN FÍSICA
Extensión 306 páginas ;
Dimensiones 20 centímetros.
336 ## - TIPO DE CONTENIDO
Término de tipo de contenido text
Fuente rdacontent
337 ## - TIPO DE MEDIO
Nombre/término del tipo de medio unmediated
Fuente rdamedia
338 ## - TIPO DE SOPORTE
Nombre/término del tipo de soporte volume
Fuente rdacarrier
490 0# - MENCIÓN DE SERIE
Mención de serie Millerites and early adventists ; section 1, reel 1:4
505 0# - NOTA DE CONTENIDO CON FORMATO
Nota de contenido con formato Parentage -- Birth -- Residence -- First foreign voyage -- Hurl-gate -- London water for sailors -- Mr. Loyd's Story -- Mr. Moore and his book -- Sea Journal -- Overboard -- Shark. .
526 ## - NOTA DE INFORMACIÓN SOBRE EL PROGRAMA DE ESTUDIO
Nombre del programa Segunda Especialidad En Profecías Bíblicas
526 ## - NOTA DE INFORMACIÓN SOBRE EL PROGRAMA DE ESTUDIO
Nombre del programa Segunda Especialidad En Nuevo Testamento
526 ## - NOTA DE INFORMACIÓN SOBRE EL PROGRAMA DE ESTUDIO
Nombre del programa Segunda Especialidad En Antiguo Testamento
526 ## - NOTA DE INFORMACIÓN SOBRE EL PROGRAMA DE ESTUDIO
Nombre del programa Segunda Especialidad En Estudios Adventistas
526 ## - NOTA DE INFORMACIÓN SOBRE EL PROGRAMA DE ESTUDIO
Nombre del programa Doctorado en teología
526 ## - NOTA DE INFORMACIÓN SOBRE EL PROGRAMA DE ESTUDIO
Nombre del programa Maestría en teología histórica
526 ## - NOTA DE INFORMACIÓN SOBRE EL PROGRAMA DE ESTUDIO
Nombre del programa Maestría en teología bíblica
526 ## - NOTA DE INFORMACIÓN SOBRE EL PROGRAMA DE ESTUDIO
Nombre del programa Maestría en teología
526 ## - NOTA DE INFORMACIÓN SOBRE EL PROGRAMA DE ESTUDIO
Nombre del programa Maestría en misionología
526 ## - NOTA DE INFORMACIÓN SOBRE EL PROGRAMA DE ESTUDIO
Nombre del programa Maestría en liderazgo eclesiástico
526 ## - NOTA DE INFORMACIÓN SOBRE EL PROGRAMA DE ESTUDIO
Nombre del programa Teología
596 ## -
-- 1 4
600 14 - PUNTO DE ACCESO ADICIONAL DE MATERIA--NOMBRE DE PERSONA
Nombre de persona Bates, Joseph.
Fechas asociadas al nombre 1792-1872
Subdivisión de forma Biografía.
910 ## - DATOS DE OPCIÓN DEL USUARIO (OCLC)
Datos de opción del usuario jck
-- jvq
-- jck
-- 20170509.
942 ## - ELEMENTOS DE ENTRADA SECUNDARIOS (KOHA)
Fuente del sistema de clasificación o colocación Clasificación Decimal Dewey
Tipo de ítem Koha
949 ## - PROCESAMIENTO DE INFORMACIÓN LOCAL (OCLC)
a 286.732 092 B.329
w DEWEY
c 1
i 66379
l CCODEBUL1
m BUL
p 00.00
r 0
s Y
t BOOK
u 2015-07-10
x BIBLIOTECA
-- P35
0 COMPRA
o .STAFF. Colección General
949 ## - PROCESAMIENTO DE INFORMACIÓN LOCAL (OCLC)
a 286.732 092 B.329
w LC
c 1
i 66446
l CIW
m BUL
p 00.00
r 1
s Y
t BOOK
u 2016-08-18
x WHITE
z UNKNOWN
0 COMPRA
o .STAFF. Centro White
994 ## -
-- C0
-- PEPRU
999 ## - NÚMEROS DE CONTROL DE SISTEMA (KOHA)
-- DEWEY
-- 75856
-- 2021-11-11
-- 4
-- CCODEBUL1
-- BUL
-- 15.00
-- 0
-- Y
-- BOOK
-- 2017-5-9
-- TEOLOGIA
-- P85
-- DONACION
-- .STAFF. Colección Teología
999 ## - NÚMEROS DE CONTROL DE SISTEMA (KOHA)
-- DEWEY
-- 66446
-- UNKNOWN
-- BUL
-- 0
-- Y
-- BOOK
-- 2021-5-11
-- TEOLOGIA
-- TEOLOGIA
999 ## - NÚMEROS DE CONTROL DE SISTEMA (KOHA)
-- DEWEY
-- 66379
-- UNKNOWN
-- BUL
-- 0
-- Y
-- BOOK
-- 2021-5-11
-- TEOLOGIA
-- P35
-- COMPRA
999 ## - NÚMEROS DE CONTROL DE SISTEMA (KOHA)
-- DEWEY
-- CW66446
-- 2021-12-23
-- 2
-- CCODECWL1
-- BWL
-- 20.00
-- 0
-- Y
-- BOOK
-- 2018-2-6
-- WHITE
-- UNKNOWN
-- COMPRA
-- .STAFF. Centro White
999 ## - NÚMEROS DE CONTROL DE SISTEMA (KOHA)
-- DEWEY
-- CW66379
-- 2021-12-23
-- 2
-- CCODECWL1
-- BWL
-- 24.00
-- 1
-- Y
-- BOOK
-- 2018-2-6
-- WHITE
-- UNKNOWN
-- COMPRA
-- .STAFF. Centro White
980 ## - EQUIVALENCIA O REFERENCIA-CRUZADA-MENCIÓN DE SERIE--NOMBRE DE PERSONA/TÍTULO [LOCAL, CANADÁ]
ID del último usuario que modificó el registro 1
Nombre del último usuario que modificó el registro ALBERTO SANCHEZ Responsable de Automatización
Existencias
Visto por última vez Número de inventario Total de préstamos Signatura topográfica completa Código de barras Copia número Coste, precio de reemplazo Fecha de reemplazo Facultad Tipo de ítem Koha Nota pública Estado de pérdida Fuente del sistema de clasificación o colocación Restricciones de uso No para préstamo Colección Programa académico Biblioteca de origen Biblioteca actual Ubicación en estantería Fecha de adquisición Fuente de adquisición Coste, precio normal de compra
2025-12-02 5   286.732092 B27 75856 e1 20.00 2017-05-09   Libros físicos inventario-2023-12-13 No Perdido Clasificación Decimal Dewey No restringido Disponible para préstamos Colección General Maestría en teología Biblioteca CRAI UPeU Lima Biblioteca CRAI UPeU Lima Sala principal 2017-05-09 DONACION 15.00
2022-07-06 2   286.732092 B27 66446 e2 25.00 2021-05-11   Libros físicos perdido o baja hasta el 2023-12-13 Perdido Clasificación Decimal Dewey Restringido No disponible para préstamos Colección General Maestría en teología Biblioteca CRAI UPeU Lima Biblioteca CRAI UPeU Lima Sala principal 2021-05-11 COMPRA 20.00
2022-07-06 2   286.732092 B27 66379 e3 29.00 2021-05-11   Libros físicos perdido o baja hasta el 2023-12-13 Perdido Clasificación Decimal Dewey Restringido No disponible para préstamos Colección General Maestría en teología Biblioteca CRAI UPeU Lima Biblioteca CRAI UPeU Lima Sala principal 2021-05-11 COMPRA 24.00